| 000 | 01412nam a22002297a 4500 | ||
|---|---|---|---|
| 999 |
_c58329 _d58329 |
||
| 003 | Ge_BSU | ||
| 005 | 20211109133444.0 | ||
| 008 | 211109s2008 ge ||||| |||| 00| 0 geo d | ||
| 020 | _a9789941121760 | ||
| 041 | _ageo | ||
| 080 | _a665(035) მ-50 | ||
| 245 |
_aმეთოდური მითითება სამაგისტრო ნაშრომის ( პროექტის) შესრულებისათვის / _cშემდგ.: ნ. მამულაიშვილი, ზ. მეგრელიშვილი, ე. ნიჟარაძე, გ. ფარცხალაძე; ბსუ. საინჟინრო-ტექნოლოგიური ფაკულტეტი. |
||
| 264 |
_aთბილისი : _bუნივერსალი, _c2008. |
||
| 300 |
_a80 გვ. _b20 სმ. |
||
| 504 | _aბიბლიოგრ. გვ. 77-78 | ||
| 700 |
_aმამულაიშვილი, ნ. _eშემდგენელი _91823 |
||
| 700 |
_aმეგრელიშვილი, ზ. _eშემდგენელი _92683 |
||
| 700 |
_aნიჟარაძე, ე. _eშემდგენელი _91822 |
||
| 700 |
_aფარცხალაძე, გ. _eშემდგენელი _92253 |
||
| 710 |
_aბსუ _bსაინჟინრო-ტექნოლოგიური ფაკულტეტი _912860 |
||
| 942 |
_2udc _cBK |
||